000 00434nam a22001697a 4500
003 MPLRDC
005 20220104124703.0
008 210129b ||||| |||| 00| 0 eng d
082 _a684.3 CZ
100 _a陈植等选注
245 _a中国历代名园记选注
_c
250 _a一版一刷
260 _a
_b安徽科学技术出版社
_c1983
300 _b
650 _a中国名胜古迹--苑囿
942 _cBK
_o684.3 CZ
999 _c21335
_d21325